Visualizzazione normale
Vista MARC
- Krajewski Seweryn
di Personal Name
Records bibliografici associati: 1
001 - CONTROL NUMBER
- control field: 24680
003 - CONTROL NUMBER IDENTIFIER
- control field: IT-RoPau
005 - DATE AND TIME OF LATEST TRANSACTION
- control field: 20140511224200.0
008 - FIXED-LENGTH DATA ELEMENTS
- fixed length control field: 140511|| aca||aabn | a|a d
040 ## - CATALOGING SOURCE
- Original cataloging agency: IT-RoPau
- Transcribing agency: IT-RoPau
100 ## - HEADING--PERSONAL NAME
- Personal name: Krajewski Seweryn
- Miscellaneous information: Codice interprete SPICS: 23056
- Relator term: Interprete
670 ## - SOURCE DATA FOUND
- Source citation: Work cat.: (IT-RoPau)101721: Krajewski Seweryn 24676, Baw Mnie (Lp 094)